Statistiques concernant Drapeaux en croix scandinave

Cliquez ici pour prendre le quiz!

Statistiques générales

  • Ce quiz a été pris 4 925 fois
  • Le résultat moyen est 12 sur 16

Statistiques - réponses

Réponse% Correct
Espagne
98%
Allemagne
93%
Belgique
93%
Géorgie
93%
Egypte
87%
Côte d'Ivoire
85%
Venezuela
82%
Bulgarie
81%
Barbade
71%
Pérou
68%
Mauritanie
63%
Gabon
61%
Eswatini
55%
Botswana
54%
Rwanda
49%
Guinée équatoriale
45%

Distribution des résultats

Percentile par nombre de réponses

% des personnes avec chaque résultat

Votre développement - résultats

Vous n’avez pas pris ce quiz